000 01989nam a22004937a 4500
003 CHAP
005 20220329141238.0
008 971010s1969 r 00010 d
010 _a65051
011 _a66023
035 _a73850
040 _cCHAP
082 _a630.72
_bI52
110 _aINIA. México. Centro de Investigaciones Agrícolas del Sureste
_958563
245 _aGuía para la asistencia técnica agrícola en el CIASE
260 _aMéxico, D. F. :
_bEl Instituto,
_c1969
300 _a133 p
500 _a1992-189
590 _aBATCH-UPD
_b10
_c20130110
_lUCH01
_h0024
590 _aBATCH-UPD
_b10
_c20130110
_lUCH01
_h1038
590 _aBATCH-UPD
_b10
_c20130409
_lUCH01
_h2005
590 _aBATCH-UPD
_b10
_c20130410
_lUCH01
_h0639
590 _aBATCH-UPD
_b10
_c20130913
_lUCH01
_h2108
590 _aCONVERSION
_b10
_c20130109
_lUCH01
_h1335
650 1 4 _aAgricultura
_xChiapas.
_91355
650 1 4 _aAgricultura
_xInvestigacion
_xChiapas.
_91597
650 1 4 _aAgricultura
_xInvestigacion
_xOaxaca.
_91653
650 1 4 _aAgricultura
_xInvestigacion
_xTabasco.
_91682
650 1 4 _aAgricultura
_xInvestigación
_xVeracruz.
_91691
650 1 4 _aAgricultura
_xOaxaca.
_91756
650 1 4 _aAgricultura
_xTabasco.
_91830
650 1 4 _aAgricultura
_zVeracruz.
_91941
901 _aBK
942 _cLIBRO
949 _a630.72 I52
_bBC
_cC
_d-151153
_eC
_fc.2
_h14713
_i73850
_si
949 _a630.72 I52
_bBC
_cC
_d33724000526604
_eC
_fc.6
_h16683
_i73850
_si
949 _a630.72 I52
_bBC
_cC
_d33724000563086
_eC
_h13616
_i73850
_si
949 _a630.72 I52
_bBC
_cLIBRO
_d33724000040028
_eLIBRO
_fc.3
_h1356
_i73850
_si
949 _a630.72 I52
_bBC
_cLIBRO
_d33724000040085
_eLIBRO
_fc.7
_h016684
_i73850
_si
949 _a630.72 I52
_bBC
_cLIBRO
_d33724000040093
_eLIBRO
_fc.8
_h34975
_i73850
_si
949 _a630.72 I52
_bBC
_cLIBRO
_d33724000040176
_eLIBRO
_fc.4
_h16681
_i73850
_si
949 _a630.72 I52
_bEA
_cLIBRO
_d-61334
_eLIBRO
_fc.2
_h1355
_i73850
_si
949 _a630.72 I52
_bEA
_cLIBRO
_d-6674
_eLIBRO
_h1354
_i73850
_si
999 _c65051
_d65051